000
00212nam a22001097a 4500
100
_a
Vicky
245
_a
Grandma's moral Stories
250
_a
2014
260
_b
Rk educational
300
_a
16
942
_2
ddc
_c
BK
999
_c
11518
_d
11518